[Event "4th ch-Arab"]
[Site "Beirut LEB"]
[Date "2000.08.14"]
[Round "9"]
[White "Bouaziz,S"]
[Black "Labib,I"]
[Result "0-1"]
[WhiteElo "2383"]
[BlackElo "2426"]

1.d4 Nf6 2.Bg5 c5 3.d5 Qb6 4.Nc3 Qxb2 5.Bd2 Qb6 6.e4 d6 7.f4 e6 8.Rb1 Qc7
9.Bb5+ Bd7 10.dxe6 fxe6 11.Bc4 Be7 12.Nf3 Nc6 13.O-O Nxe4 14.Nxe4 d5 15.Bxd5 exd5
16.Nc3 Be6 17.Ng5 Bxg5 18.Nb5 Qd7 19.Qh5+ g6 20.Qxg5 O-O 21.c4 Bf5 22.Rbe1 d4
23.h3 a6 24.Na3 Rae8 25.g4 Bd3 26.Rxe8 Rxe8 27.Rf2 b6 28.f5 Qe7 29.f6 Qf7
30.Qf4 Re6 31.g5 Ne5 32.Qg3 Be4 33.Bf4 Nd3  0-1

[Event "FSIMA August"]
[Site "Budapest HUN"]
[Date "2000.08.14"]
[Round "10"]
[White "Borocz,I"]
[Black "Borisek,J"]
[Result "1/2-1/2"]
[WhiteElo "2347"]
[BlackElo "2089"]

1.d4 Nf6 2.Bg5 d5 3.e3 Nbd7 4.c4 c5 5.Nc3 cxd4 6.exd4 dxc4 7.Bxc4 e6 8.Nf3 Be7
9.O-O O-O 10.Ne5 Nb6 11.Bb3 Nfd7 12.Bxe7 Qxe7 13.Re1 Nxe5 14.dxe5 Bd7 15.Qh5 Bc6
16.Re3 Rfd8 17.Rh3 h6 18.Rg3 Kh8 19.Re1 Rd4 20.Rg4 Rad8 21.h3 Rxg4 22.Qxg4 Qg5
23.f4 Qxg4 24.hxg4 Rd4 25.Rf1 Nd7 26.Rf2 Nc5 27.Bc2 Kg8 28.Kh2 a5 29.Kg3 b5
30.Re2 b4 31.Nb1 Nd3 32.f5 Nxb2 33.fxe6 fxe6 34.Nd2 Na4 35.Bg6 Nc5 36.Nb3 Nxb3
37.Rc2 Bd7 38.axb3 Rd5 39.Rc7 Kf8 40.Ra7 Ke7 41.Kf4 Rc5 42.Ra8 Rc3 43.Rxa5 Rxb3
44.Ra8 Rc3 45.Rg8 b3 46.Rxg7+ Kd8 47.Rh7 b2 48.Rxh6 Ba4 49.Rh8+ Kc7 50.Rh7+ Kc8
51.Rh8+ Kc7 52.Rh7+ Kc8  1/2-1/2

[Event "It"]
[Site "Montreal CAN"]
[Date "2000.08.14"]
[Round "11"]
[White "Tyomkin,D"]
[Black "Lazarev,V"]
[Result "1/2-1/2"]
[WhiteElo "2522"]
[BlackElo "2478"]

1.d4 d5 2.Bg5 Nf6 3.Bxf6 exf6 4.e3 c6 5.Bd3 Bd6 6.Ne2 f5 7.Nd2 Qe7 8.O-O O-O
9.c4 dxc4 10.Nxc4 Bc7 11.Re1 g6 12.a3 Nd7 13.Qc2 Nf6 14.g3 Rd8 15.Nc3 Be6
16.Rac1  1/2-1/2

[Event "Open"]
[Site "Porto San Giorgio ITA"]
[Date "2000.08.20"]
[Round "1"]
[White "De Vita,I"]
[Black "Efimov,I"]
[Result "0-1"]
[WhiteElo "2141"]
[BlackElo "2520"]

1.d4 Nf6 2.Bg5 c5 3.Bxf6 gxf6 4.d5 Qb6 5.Qc1 f5 6.e3 Bg7 7.c3 e6 8.Bc4 Na6
9.Ne2 Nc7 10.Nf4 Qd6 11.O-O b5 12.Bd3 c4 13.Bc2 Nxd5 14.Nxd5 Qxd5 15.Re1 Bh6
16.f4 Bb7 17.Qd2 Qc6 18.Qf2 Rg8 19.Re2 Qc5 20.g3 Qc6 21.Kf1 Bf8 22.Nd2 h5
23.Ke1 h4 24.Nf1 b4 25.Rd1  0-1

[Event "ch-ESP"]
[Site "Barcelona ESP"]
[Date "2000.08.24"]
[Round "6"]
[White "Jimenez Villena,F"]
[Black "Mate Adan,C"]
[Result "1-0"]
[WhiteElo "2233"]
[BlackElo "2285"]

1.d4 Nf6 2.Bg5 d5 3.Bxf6 exf6 4.e3 Be6 5.g3 Bd6 6.Bg2 Nd7 7.Ne2 c6 8.Nd2 f5
9.O-O Nf6 10.f3 O-O 11.b3 Re8 12.Re1 Qa5 13.c3 Rac8 14.b4 Qc7 15.Qb3 h5 16.Nf1 h4
17.Qc2 hxg3 18.hxg3 Nh5 19.Nf4 Nxf4 20.gxf4 b6 21.Bh3 g6 22.Qg2 c5 23.bxc5 bxc5
24.e4 dxe4 25.fxe4 fxe4 26.f5 Bd7 27.Ne3 Bf4 28.Nd5 Qd6 29.c4 g5 30.Rf1 Kh7
31.Qg4 Qh6 32.Kg2 Bc6 33.f6 Bxd5 34.Qf5+ Qg6 35.Qxd5 e3 36.Bf5 e2 37.Qxf7+  1-0

[Event "Open"]
[Site "Porto San Giorgio ITA"]
[Date "2000.08.25"]
[Round "6"]
[White "Zlochevskij,A"]
[Black "Termeulen,A"]
[Result "1-0"]
[WhiteElo "2450"]
[BlackElo "2242"]

1.d4 Nf6 2.Bg5 g6 3.Bxf6 exf6 4.e3 Bg7 5.g3 O-O 6.Bg2 d6 7.Ne2 Nd7 8.c4 f5
9.Nbc3 c6 10.O-O Nf6 11.b4 Qc7 12.Qd3 Bd7 13.a4 c5 14.Nb5 Bxb5 15.axb5 cxd4
16.exd4 Ne4 17.Nf4 Nf6 18.Ra3 Bh6 19.Nd5 Nxd5 20.Bxd5 Bg7 21.Rfa1 Qb8 22.Qf3 a5
23.b6 Bxd4 24.Bxb7 Bxa1 25.Rxa1 a4 26.Bxa8 Qxa8 27.Qxa8 Rxa8 28.c5 Rb8 29.Rxa4 Kf8
30.c6 Rxb6 31.Ra8+  1-0

[Event "ch-HUN KO"]
[Site "Budapest HUN"]
[Date "2000.08.28"]
[Round "1.1"]
[White "Tamassy,Z"]
[Black "Repasi,Z"]
[Result "1/2-1/2"]
[WhiteElo "2245"]
[BlackElo "2154"]

1.d4 Nf6 2.Bg5 d5 3.Bxf6 exf6 4.e3 b6 5.Nf3 Ba6 6.Bxa6 Nxa6 7.c3 Qd7 8.Nbd2 Bd6
9.O-O O-O 10.e4 c6 11.Re1 Nc7 12.Nf1 dxe4 13.Rxe4 Rfe8 14.Rxe8+ Rxe8 15.Qa4 Nd5
16.Re1 Rxe1 17.Nxe1 b5 18.Qd1 Qe6 19.Nd3 g6 20.a4 a6 21.g3 Qe4 22.axb5 axb5
23.f3 Qe6 24.Qd2 h5 25.b3 Ne7 26.Qd1 Nf5 27.Nf2 Ne3 28.Nxe3 Qxe3 29.Qd3 Qe1+
30.Kg2 f5 31.f4 Bc7 32.c4 bxc4 33.bxc4 Kg7 34.Qf3 Qe6 35.d5 cxd5 36.cxd5 Qf6
37.Qd3 Bd6 38.Nd1 h4 39.Ne3 Qb2+ 40.Kh3 Qf2 41.Nd1 Qg1 42.Qf3 hxg3 43.hxg3 Bc5
44.Nc3 f6 45.Ne2 Qe1 46.g4 fxg4+ 47.Kxg4 Bf2 48.f5 g5 49.Kh3 Bc5 50.Kg2 Qh4
51.Nc3 Qd4 52.Ne2 Qe5 53.Ng3 Bd6 54.Ne2 Qh2+ 55.Kf1 Qe5 56.Kg2 Qh2+ 57.Kf1 Qe5
58.Kg2 Qh2+  1/2-1/2

[Event "New York State Ch"]
[Site "Saratoga Springs NY USA"]
[Date "2000.09.04"]
[Round "6"]
[White "Tapaszto,L"]
[Black "Spraggett,G"]
[Result "1/2-1/2"]
[WhiteElo "2240"]
[BlackElo "2336"]

1.d4 Nf6 2.Bg5 c5 3.dxc5 Qa5+ 4.Qd2 Qxc5 5.Nc3 d6 6.e4 a6 7.Nge2 e6 8.Be3 Qc7
9.f3 Be7 10.g4 Nc6 11.Bg2 b5 12.a3 O-O 13.O-O Bb7 14.g5 Nd7 15.f4 Nb6 16.b3 Rfe8
17.Kh1 Bf8 18.Qe1 Nd7 19.Qf2 b4 20.Na4 a5 21.Nb6 Nxb6 22.Bxb6 Qc8 23.a4 Ra6
24.Rac1 Qa8 25.Ng3 Qb8 26.Rfe1 Ne7 27.Bd4 e5 28.fxe5 dxe5 29.Be3 Ng6 30.Nh5 Rc6
31.Bf1 Rec8 32.Bd3 Qc7 33.Rf1 Bc5 34.Bxc5 Rxc5 35.Rce1 Rf8 36.Re3 Bc8 37.Qf3 Be6
38.Qg3 Rc3 39.Rf2 Qc5 40.Ref3 Rd8 41.Kg2 Qd4 42.Rd2 Qd6 43.h3 Qc7  1/2-1/2

[Event "FSIMB September"]
[Site "Budapest HUN"]
[Date "2000.09.08"]
[Round "7"]
[White "Gouret,T"]
[Black "Turzo,A"]
[Result "1-0"]
[WhiteElo "2346"]
[BlackElo "2360"]

1.d4 Nf6 2.Bg5 g6 3.Bxf6 exf6 4.e3 d5 5.c4 dxc4 6.Bxc4 Bg7 7.Ne2 Nd7 8.O-O Nb6
9.Bb3 O-O 10.Nbc3 Qe7 11.Nf4 c6 12.Qf3 Rd8 13.Rad1 f5 14.Rfe1 Qg5 15.h3 Nd7
16.e4 Nf8 17.e5 Ne6 18.Nce2 Nc7 19.Nc3 Be6 20.d5 cxd5 21.Ncxd5 Bxd5 22.Bxd5 Nxd5
23.Nxd5 Rac8 24.g3 Kh8 25.h4 Qg4 26.Qxg4 fxg4 27.Nf6 h5 28.Rxd8+ Rxd8 29.Rc1 Bxf6
30.exf6 Rd2 31.Rc7 Rxb2 32.Rxf7 Rxa2 33.Rxb7 Ra6 34.Rb8+  1-0

[Event "Open"]
[Site "Cesenatico ITA"]
[Date "2000.09.08"]
[Round "7"]
[White "Drazic,S"]
[Black "Inkiov,V"]
[Result "1-0"]
[WhiteElo "2508"]
[BlackElo "2416"]

1.d4 Nf6 2.Bg5 c5 3.dxc5 Na6 4.Nc3 Nxc5 5.f3 d6 6.e4 e6 7.Qd2 Be7 8.h4 h6
9.Be3 a6 10.O-O-O Qc7 11.Kb1 b5 12.Bxb5+ axb5 13.Nxb5 Qc6 14.Nxd6+ Bxd6 15.Qxd6 Qxd6
16.Rxd6 Na6 17.Ne2 e5 18.Rhd1 Be6 19.b3 O-O 20.Nc3 Rfb8 21.Kb2 Nb4 22.R1d2 Ne8
23.Rb6 Rxb6 24.Bxb6 Nc6 25.Na4 Rb8 26.Be3 f5 27.Nc5 Bc8 28.exf5 Bxf5 29.c4 Kf7
30.Kc3 Ke7 31.a3 Nc7 32.b4 Ra8 33.a4 Ne6 34.g4 Bh7 35.b5 Ncd4 36.Nxe6 Kxe6
37.Bxd4 exd4+ 38.Rxd4 Rxa4 39.b6 Ra1 40.Kb4 Bc2 41.Kc5 Ba4 42.b7  1-0

[Event "FSIMB September"]
[Site "Budapest HUN"]
[Date "2000.09.09"]
[Round "8"]
[White "Dudas,Jano"]
[Black "Husari,Sa"]
[Result "1/2-1/2"]
[WhiteElo "2338"]
[BlackElo "2309"]

1.d4 Nf6 2.Bg5 c5 3.c3 Qb6 4.Qc2 d5 5.Nd2 cxd4 6.cxd4 Nc6 7.e3 g6 8.a3 Bg7
9.Bd3 e5 10.dxe5 Nxe5 11.Ngf3 Qxb2 12.O-O Qxc2 13.Bxc2 Nxf3+ 14.Nxf3 Ne4
15.Rab1 Nxg5 16.Nxg5 O-O 17.Rfd1 Rd8 18.Rb5 h6 19.Nh3 b6 20.Bb3 d4 21.Nf4 Kf8
22.e4 Bb7 23.f3 Rac8 24.Bd5 Ba6 25.Rb4 g5 26.Nh5 Be5 27.Ng3 Rc5 28.Ra4 Ra5
29.Rxa5 bxa5 30.Nf5 d3 31.g3 Rb8 32.f4 gxf4 33.gxf4 Bxf4 34.Kf2 Rc8 35.Kf3 Rc1
36.Rxc1 Bxc1 37.a4 Bc8 38.Bb3 Bxf5 39.exf5 Ke7 40.Bc4 d2 41.Ke2 f6 42.Bb3 Kd6
43.Kf3 Ke5 44.Bc2 Kd4 45.Ke2 Kc3 46.Bd1 Ba3 47.h3 Bd6 48.Kf3 h5 49.Ke3 Bg3
50.Kf3 Bh4 51.Ke3 Bg5+ 52.Kf3 Kd4 53.Bc2 Ke5 54.Kg3 Kd4 55.Kf3 Kc3 56.Bd1 Kd3
57.Bb3 Kd4 58.Bc2  1/2-1/2

[Event "zt 1.1"]
[Site "Mondariz ESP"]
[Date "2000.09.10"]
[Round "7"]
[White "Conquest,S"]
[Black "David,Alb"]
[Result "1/2-1/2"]
[WhiteElo "2529"]
[BlackElo "2487"]

1.d4 Nf6 2.Bg5 c5 3.d5 Ne4 4.Bf4 e6 5.f3 Bd6 6.Bxd6 Nxd6 7.e4 Qb6 8.Nc3 Qxb2
9.Nge2 Nb5 10.Qb1 Qxb1+ 11.Rxb1 Nc7 12.d6 Nca6 13.Nf4 b6 14.h4 O-O 15.g4 Nc6
16.Kf2 Nab4 17.Rb2 Nd4 18.a3 Nbc6 19.Nb5 Nxb5 20.Bxb5 Bb7 21.a4 Na5 22.Be2 Bc6
23.Ra2 Rae8 24.Rd1 f6 25.h5 Kf7 26.Bb5 Rc8 27.Kg3 Rh8 28.c3 Ra8 29.Re2 Rhf8
30.Nd3 Rac8 31.f4 Kg8 32.Nb2 Bxb5 33.axb5 c4 34.Na4 Nb3 35.Ra2 Rfd8 36.Nb2 Na5
37.Ra4 Rc5 38.Rb4 Kf7 39.Kf3 g6 40.h6 f5 41.e5 Rdc8 42.gxf5 gxf5 43.Na4 Rd5
44.Rg1 Rg8 45.Rxg8 Kxg8 46.Rb1 Rd3+ 47.Kf2 Rd2+ 48.Kf3 Rd3+ 49.Kf2 Rd2+ 50.Kf3  1/2-1/2

[Event "zt 1.1"]
[Site "Mondariz ESP"]
[Date "2000.09.12"]
[Round "9"]
[White "Plaskett,J"]
[Black "Jonkman,H"]
[Result "1-0"]
[WhiteElo "2525"]
[BlackElo "2424"]

1.d4 d5 2.Bg5 Nf6 3.Bxf6 gxf6 4.e3 c5 5.dxc5 Nc6 6.Nc3 e6 7.Qh5 Bd7 8.O-O-O b6
9.cxb6 Qxb6 10.Bb5 Rb8 11.Nge2 Ne5 12.Bxd7+ Nxd7 13.b3 Qa5 14.Kb1 f5 15.Nxd5 exd5
16.Qxf5 Qa6 17.Rxd5 Qe6 18.Nd4 Qxf5 19.Nxf5 Rg8 20.Rhd1 Rb7 21.g3 Rg6 22.f4 Be7
23.R1d4 Rc7 24.e4 Nb6 25.Re5 Nc8 26.a4 Rgc6 27.c4 f6 28.Red5 Nb6 29.Nxe7 Rxe7
30.Rd8+ Kf7 31.a5 Nc8 32.Kc2 Rb7 33.Kc3 Ne7 34.R4d6 Rxd6 35.Rxd6 Nc8 36.Ra6 Ke7
37.c5 Kf7 38.b4 Ne7 39.Rd6 Nc8 40.Ra6 Ne7 41.Kc4 h5 42.b5 Rd7 43.Rd6 Rb7
44.c6 Nc8 45.Rd7+ Rxd7 46.cxd7 Nd6+ 47.Kd5 Nb7 48.a6 Nd8 49.Kd6 Ne6 50.b6 axb6
51.a7  1-0

[Event "World Seniors"]
[Site "Rowy POL"]
[Date "2000.09.13"]
[Round "3"]
[White "Adasiak,L"]
[Black "Thielemann,J"]
[Result "1-0"]
[WhiteElo "2059"]
[BlackElo "2010"]

1.d4 Nf6 2.Bg5 d5 3.Bxf6 exf6 4.e3 f5 5.c4 c6 6.Qb3 b6 7.Nf3 Be6 8.Nc3 Be7
9.cxd5 cxd5 10.Bb5+ Kf8 11.Ne5 a6 12.Be2 f6 13.Nd3 Nc6 14.Nf4 Bf7 15.Bf3 Na5
16.Qc2 g5 17.Nd3 Rc8 18.g3 Kg7 19.Qe2 Qd7 20.h4 h6 21.Qd1 b5 22.Rc1 Nc4 23.b3 Nb6
24.Ne2 Bd6 25.Nc5 Qe7 26.b4 Nc4 27.Qd3 Rhe8 28.Rc3 Be6 29.Bh5 Bxc5 30.bxc5 Rf8
31.g4 b4 32.Rb3 a5 33.Ng3 Qd7 34.hxg5 fxg5 35.gxf5 Bxf5 36.Nxf5+ Qxf5 37.Qxf5 Rxf5
38.Bg4 Rcf8 39.Bxf5 Rxf5 40.Ke2 Kg6 41.Rbb1 g4 42.Rbc1 Rf7 43.Rh4 h5 44.e4 Re7
45.e5 Rf7 46.Rch1 Rf4 47.Rxh5 Rxd4 48.Rh6+ Kf7 49.e6+ Ke7 50.Rg6 Re4+ 51.Kd1 Kf8
52.Rh8+ Ke7 53.Rh7+ Kf8 54.Rf7+  1-0

[Event "World Seniors"]
[Site "Rowy POL"]
[Date "2000.09.17"]
[Round "6"]
[White "Reichenbach,W"]
[Black "Limberg,S"]
[Result "1/2-1/2"]
[WhiteElo "2310"]
[BlackElo "2147"]

1.d4 Nf6 2.Bg5 d5 3.Bxf6 exf6 4.e3 c6 5.Bd3 Qb6 6.b3 Bb4+ 7.c3 Bd6 8.Nd2 O-O
9.Qf3 Re8 10.Ne2 Nd7 11.Ng3 Nf8 12.O-O Qc7 13.c4 Be6 14.c5 Bxg3 15.fxg3 a5
16.a3 Qd7 17.h3 Qe7 18.Rfe1 Qd7 19.b4 axb4 20.axb4 Reb8 21.Ra5 Rxa5 22.bxa5 Ra8
23.Ra1 Qc7 24.Nb3 Qe7 25.Qf4 Re8 26.Qd6 g6 27.Kf2 Kg7 28.Ra4 Bc8 29.Qxe7 Rxe7
30.Rb4 Ne6 31.Rb6 Rc7 32.Ke2 f5 33.Kd2 Kf6 34.a6 bxa6 35.Na5 Nd8 36.Bxa6 Bxa6
37.Rxa6 Ke7 38.Kc3 h5 39.Rb6 Kd7 40.h4 Rb7 41.Kb4  1/2-1/2

[Event "WJun"]
[Site "Yerevan ARM"]
[Date "2000.10.02"]
[Round "13"]
[White "Haznedaroglu,K"]
[Black "Kallio,H"]
[Result "1/2-1/2"]
[WhiteElo "2249"]
[BlackElo "2451"]

1.d4 Nf6 2.Bg5 d5 3.Nd2 Nbd7 4.e3 h6 5.Bf4 e6 6.c3 b6 7.Bd3 Bb7 8.Qe2 Bd6
9.Ngf3 Ne4 10.Ne5 Bxe5 11.Bxe5 Nxe5 12.dxe5 Qg5 13.Nf3 Qxg2 14.Rg1 Qh3 15.Rxg7 Kf8
16.Rg1 Nc5 17.Rg3 Qh5 18.O-O-O Nd7 19.Ba6 Bxa6 20.Qxa6 Ke7 21.Qa4 Nxe5 22.Qf4 Nxf3
23.Qxc7+ Ke8 24.Qc6+ Ke7 25.Qc7+ Ke8 26.Qc6+  1/2-1/2

[Event "FSIMA October"]
[Site "Budapest HUN"]
[Date "2000.10.07"]
[Round "1"]
[White "Puschmann,L"]
[Black "Farago,S"]
[Result "1/2-1/2"]
[WhiteElo "2285"]
[BlackElo "2292"]

1.d4 Nf6 2.Bg5 c5 3.Bxf6 exf6 4.d5 f5 5.e3 d6 6.c3 Be7 7.a4 O-O 8.Na3 Nd7
9.Ne2 Ne5 10.Nf4 Bg5 11.g3 Re8 12.Be2 a6 13.Ng2 Bf6 14.h3 Rb8 15.f4 Ng6 16.Qc2 Ne7
17.Rd1 Bd7 18.g4 g6 19.g5 Bg7 20.Nc4 Qc7 21.a5 Nc8 22.Kf2 b5 23.axb6 Nxb6
24.Rd2 Bb5 25.Nxb6 Rxb6 26.h4 c4 27.h5 Qe7 28.Bf3 f6 29.hxg6 hxg6 30.gxf6 Bxf6
31.Re2 Rbb8 32.Kf1 Bd7 33.e4 Qg7 34.Ne3 fxe4 35.Bxe4 Ba4 36.Qb1 Bxc3 37.Bxg6 Rxe3
38.Rxe3 Bd4 39.Bh7+ Kf8 40.Qf5+ Qf6 41.Qxf6+ Bxf6 42.Re6 Bd4 43.Rh2  1/2-1/2

[Event "Tatry Open"]
[Site "Tatranske Zruby SVK"]
[Date "2000.10.08"]
[Round "2"]
[White "Mocary,M"]
[Black "Tupy,M"]
[Result "0-1"]
[WhiteElo "2141"]
[BlackElo "2298"]

1.d4 Nf6 2.Bg5 c5 3.Bxf6 gxf6 4.c3 Qb6 5.Qc2 d5 6.Nd2 Nc6 7.dxc5 Qxc5 8.Nb3 Qb6
9.Nf3 e5 10.e3 Be6 11.Be2 Rg8 12.g3 O-O-O 13.Qxh7 Be7 14.Qc2 Kb8 15.Rd1 Bh3
16.Nh4 d4 17.exd4 exd4 18.Nf5 Bc5 19.Nxc5 Qxc5 20.Nh6 Rge8 21.Nxf7 Rd7 22.Qg6 Rc7
23.Rd2 dxc3 24.Rc2 Qd5 25.Qh5 Qxh1+  0-1

[Event "FSIMA October"]
[Site "Budapest HUN"]
[Date "2000.10.11"]
[Round "5"]
[White "Bree,T"]
[Black "Farago,S"]
[Result "0-1"]
[WhiteElo "2252"]
[BlackElo "2292"]

1.d4 Nf6 2.Bg5 c5 3.Bxf6 exf6 4.e3 d5 5.Nc3 Be6 6.Nge2 Nc6 7.g3 cxd4 8.exd4 Bd6
9.Bg2 Bc7 10.Qd2 O-O 11.O-O Rc8 12.Nd1 Qd7 13.Ne3 Rfd8 14.c3 Ne7 15.Nc1 b6
16.Re1 h5 17.Nd3 h4 18.Qe2 a5 19.Rad1 Nf5 20.Nxf5 Bxf5 21.Bf3 Re8 22.Qd2 Bg4
23.Bxg4 Qxg4 24.Rxe8+ Rxe8 25.Re1 Re4 26.Rxe4 dxe4 27.Ne1 f5 28.Ng2 h3 29.Ne3 Qg5
30.Qe2 g6 31.Nf1 Kg7 32.Qc4 Bf4 33.Qe2 b5 34.b3 Bc1 35.c4 bxc4 36.bxc4 Qf6
37.Qc2 Bg5 38.Qc3 f4 39.c5 e3 40.fxe3 fxe3 41.Qb2 Qf3  0-1

[Event "Belgian Interteams 2000-1"]
[Site "BEL"]
[Date "2000.10.15"]
[Round "1"]
[White "Winants,L"]
[Black "Sziva,E"]
[Result "1-0"]
[WhiteElo "2523"]
[BlackElo "2311"]

1.d4 Nf6 2.Bg5 d5 3.e3 c5 4.Bxf6 gxf6 5.c4 cxd4 6.exd4 Bg7 7.cxd5 Qxd5 8.Nc3 Qd8
9.Bb5+ Bd7 10.Bxd7+ Qxd7 11.Nf3 O-O 12.O-O Nc6 13.d5 Nb4 14.a3 Na6 15.Qd4 Rfd8
16.Rad1 b6 17.Rfe1 Nc5 18.Qh4 Nb7 19.Nd4 Nd6 20.Rd3 Rac8 21.Rde3 Re8 22.Rg3 Kh8
23.Ree3 Rg8 24.Rh3 h6 25.Reg3 Nf5 26.Qg4 e6 27.Nxf5 exf5 28.Qf4  1-0

[Event "Belgian Interteams 2000-1"]
[Site "BEL"]
[Date "2000.10.15"]
[Round "1"]
[White "Groffen,H"]
[Black "Weemaes,R"]
[Result "0-1"]
[WhiteElo "2224"]
[BlackElo "2295"]

1.d4 Nf6 2.Bg5 c5 3.Bxf6 gxf6 4.d5 d6 5.e4 Qb6 6.Nd2 f5 7.Nc4 Qc7 8.exf5 Bxf5
9.Ne3 Bc8 10.a4 Nd7 11.Bd3 Nf6 12.Ne2 Bh6 13.Bb5+ Kf8 14.Ng3 Bxe3 15.fxe3 a6
16.Be2 Qb6 17.O-O Qxb2 18.c4 Qe5 19.Qb3 h5 20.Bf3 h4 21.Ne2 h3 22.g3 Bg4
23.Rae1 b5 24.cxb5 axb5 25.axb5 Bxf3 26.Rxf3 Qxd5 27.Qxd5 Nxd5 28.e4 Nb4
29.Nf4 Kg7 30.e5 Nc2 31.Rb1 dxe5 32.Nd5 Nd4 33.Rf2 e6 34.Nc7 Ra4 35.Rc1 e4
36.Rxc5 Nf3+ 37.Rxf3 exf3 38.Kf2 Ra2+ 39.Kxf3 Rxh2 40.b6 Rb2  0-1

[Event "chT-SLO"]
[Site "Bled SLO"]
[Date "2000.10.15"]
[Round "2"]
[White "Brumen,D"]
[Black "Gruskovnjak,T"]
[Result "0-1"]
[WhiteElo "2430"]
[BlackElo "2246"]

1.d4 d5 2.Bg5 Nf6 3.Bxf6 exf6 4.e3 Be6 5.g3 c6 6.Bg2 Qb6 7.b3 a5 8.a3 Nd7
9.Ne2 a4 10.b4 Qa6 11.O-O Bd6 12.Nd2 O-O 13.Nf4 Rfe8 14.Nd3 Bf5 15.Nb2 b5
16.Re1 Re7 17.Nd3 Rae8 18.Qc1 Qc8 19.Qb2 Nb6 20.Qc3 Qc7 21.Nc5 Bxc5 22.bxc5 Nd7
23.f3 Nf8 24.e4 Be6 25.Qd3 f5 26.e5 Bc8 27.Kf2 Qd8 28.Rad1 Rb7 29.Rb1 f4
30.Nf1 Qg5 31.Qd2 Ne6 32.Rb4 h5 33.Bh3 h4 34.Bxe6 fxg3+ 35.hxg3 hxg3+ 36.Kg2 Qxd2+
37.Nxd2 Rxe6 38.Kxg3 Rg6+ 39.Kf2 Re7 40.Re3 Bh3 41.c4 dxc4 42.Ne4 Rg2+ 43.Ke1 Be6
44.Kd1 Bd5 45.Nd2 Re6 46.Kc2 Rh6 47.Rb1 Rhh2 48.Rd1 Kf8 49.Kc3 Ke7 50.Nf1 b4+
51.Kxb4 Rb2+  0-1

[Event "FSIMA October"]
[Site "Budapest HUN"]
[Date "2000.10.15"]
[Round "9"]
[White "Bree,T"]
[Black "Puschmann,L"]
[Result "1/2-1/2"]
[WhiteElo "2252"]
[BlackElo "2285"]

1.d4 Nf6 2.Bg5 c5 3.Bxf6 gxf6 4.d5 Qb6 5.Qc1 f5 6.c4 Bg7 7.Nc3 d6 8.e3 e5
9.Qc2 Na6 10.a3 Qa5 11.Rd1 Bd7 12.Ne2 O-O-O 13.Ng3 e4 14.Nh5 Ba4 15.Qd2 Bxc3
16.Qxc3 Qxc3+ 17.bxc3 Bxd1 18.Kxd1 Rhe8 19.g3 Re5 20.Kc2 Nc7 21.a4 Rg8 22.h4 a6
23.Be2 Ne8 24.Rb1 Kc7 25.a5 h6 26.Rb6 Ng7 27.Nf4 Rh8 28.Kd2 Rb8 29.Bd1 Re7
30.Ba4  1/2-1/2

[Event "chT-SLO"]
[Site "Bled SLO"]
[Date "2000.10.16"]
[Round "3"]
[White "Cander,M"]
[Black "Jelen,Ig"]
[Result "1-0"]
[WhiteElo "2255"]
[BlackElo "2423"]

1.d4 Nf6 2.Bg5 d5 3.e3 c5 4.Bxf6 gxf6 5.c3 cxd4 6.cxd4 h5 7.h4 Bg4 8.Qb3 Qd7
9.Bd3 Nc6 10.Nc3 O-O-O 11.Nge2 e5 12.Bb5 Bxe2 13.Nxe2 a6 14.Bxc6 bxc6 15.Rc1 Qb7
16.Qc2 Bb4+ 17.Kf1 Rd6 18.dxe5 fxe5 19.Qf5+ Re6 20.g3 Kb8 21.Kg2 Qe7 22.Rc2 Rf6
23.Qd3 Qb7 24.Rhc1 Rhh6 25.Nc3 Bxc3 26.Rxc3 Ka7 27.Rb3 Qe7 28.Ra3 Qb7 29.Rc5 Rhg6
30.b4 Rg4 31.b5 cxb5 32.Rxb5 Qa8 33.Qxd5 Qxd5+ 34.Rxd5 Rc4 35.Rad3 Rc2 36.Rd2 Rxd2
37.Rxd2 Kb6 38.Rd5 Re6 39.Rd7 f6 40.Rh7 Kb5 41.Rxh5 Kb4 42.Rh7 Ka3 43.g4 Kxa2
44.Rb7 Ka3 45.h5 a5 46.h6 a4 47.h7 Re8 48.f4 exf4 49.exf4 Ka2 50.g5 fxg5
51.fxg5 a3 52.g6 Ka1 53.Ra7  1-0

[Event "TCh-SVK"]
[Site "SVK"]
[Date "2000.10.21"]
[Round "1"]
[White "Mojzis,M"]
[Black "Krajnak,R"]
[Result "1-0"]
[WhiteElo "2169"]
[BlackElo "2187"]

1.d4 Nf6 2.Bg5 c5 3.Bxf6 gxf6 4.d5 Qb6 5.Qc1 f5 6.e3 Bg7 7.c3 Qd6 8.c4 b5
9.Nc3 b4 10.Nce2 Qf6 11.Rb1 e5 12.Ng3 h5 13.Bd3 d6 14.Qc2 e4 15.Bf1 h4 16.N3e2 a5
17.Nf4 a4 18.Be2 Nd7 19.Ngh3 Bh6 20.O-O Ne5 21.f3 exf3 22.Bxf3 Bd7 23.Kh1 Kd8
24.e4 Kc7 25.Rbe1 Kb6 26.exf5 Qxf5 27.Be4 Qg4 28.Nd3 Rhe8 29.Rf6 Bg7 30.Nxe5 Rxe5
31.Rxf7 Be8 32.Rff1 Ra7 33.Bf5 Qxf5 34.Qxf5 Rxf5 35.Rxf5 Bxb2 36.Rxe8 b3
37.Rf2 a3 38.Rb8+ Rb7 39.Rxb7+ Kxb7 40.axb3 a2 41.Rf1 Kb6 42.Nf2 Ka5 43.Nd3  1-0

[Event "Belgian Interteams 2000-1"]
[Site "BEL"]
[Date "2000.10.22"]
[Round "2"]
[White "Vandevoort,P"]
[Black "Schebler,G"]
[Result "0-1"]
[WhiteElo "2340"]
[BlackElo "2498"]

1.d4 Nf6 2.Bg5 g6 3.c4 Bg7 4.Nc3 d6 5.e4 h6 6.Be3 Ng4 7.Bf4 Nc6 8.h3 e5 9.dxe5 Ngxe5
10.Qd2 Be6 11.Nd5 a5 12.Be3 Nd7 13.Ne2 Nc5 14.Nec3 Nb4 15.Rd1 O-O 16.Be2 Kh7
17.O-O Re8 18.Qc1 Nxe4 19.Nxe4 Bxd5 20.Nxd6 cxd6 21.a3 Bxg2 22.Kxg2 Nc6 23.c5 d5
24.Bf3 d4 25.Bxc6 bxc6 26.Bxd4 Bxd4 27.Qf4 Qd5+  0-1

[Event "Belgian Interteams 2000-1"]
[Site "BEL"]
[Date "2000.10.22"]
[Round "2"]
[White "Soetewey,S"]
[Black "Tabak,S"]
[Result "0-1"]
[WhiteElo "2170"]
[BlackElo "2245"]

1.d4 d5 2.Bg5 Nf6 3.Bxf6 exf6 4.e3 Bd6 5.c4 dxc4 6.Bxc4 O-O 7.Nc3 c6 8.Qf3 a5
9.a4 Na6 10.Nge2 Nb4 11.O-O f5 12.Rfd1 Bd7 13.e4 fxe4 14.Nxe4 Qe7 15.N2c3 Rae8
16.Nxd6 Qxd6 17.Rac1 Qg6 18.Qg3 Qh5 19.Qc7 Bg4 20.Re1 Be6 21.Be2 Qg5 22.d5 Nxd5
23.Qxa5 b6 24.Ne4 Qxc1  0-1

[Event "1st It A"]
[Site "Salou ESP"]
[Date "2000.10.23"]
[Round "7"]
[White "Hamdouchi,H"]
[Black "Pogorelov,R"]
[Result "1/2-1/2"]
[WhiteElo "2541"]
[BlackElo "2445"]

1.d4 Nf6 2.Bg5 c5 3.Bxf6 gxf6 4.dxc5 Na6 5.Nd2 Nxc5 6.g3 f5 7.c3 Bg7 8.Qc2 d5
9.Ngf3 Bd7 10.Bg2 Rc8 11.O-O b5 12.a3 e6 13.Ne1 d4 14.cxd4 Bxd4 15.Qb1 O-O
16.Ra2 Qe7 17.b3 Rc7 18.Nef3 Bg7 19.Rc2 Rfc8 20.Rfc1 Be8 21.h3 Nb7 22.Rxc7 Rxc7
23.Rxc7 Qxc7 24.g4 Nd6 25.Qd3 Qc1+ 26.Nf1 Qxa3 27.Ng3 Qc1+ 28.Bf1 Qc5 29.gxf5 Nxf5
30.Nxf5 exf5 31.Nh4 f4 32.Nf5 Qe5 33.Bg2 a5 34.Qd8 Qxf5 35.Qxe8+ Bf8 36.Bc6 Qxh3
37.Bd5 Qg4+ 38.Kf1 Qh3+ 39.Kg1 Qg4+ 40.Kf1 Qf5 41.Qxb5 h5 42.Qd3 Qf6 43.Qh3 Qa1+
44.Kg2 Qg7+ 45.Kf1 Qg4 46.Qxg4+ hxg4 47.f3 g3 48.Kg2  1/2-1/2

[Event "34th Olympiad"]
[Site "Istanbul TUR"]
[Date "2000.10.29"]
[Round "2"]
[White "Tu Hoang Thai"]
[Black "Leitao,R"]
[Result "0-1"]
[WhiteElo "2335"]
[BlackElo "2567"]

1.d4 Nf6 2.Bg5 d5 3.e3 Ne4 4.Bf4 Bf5 5.Nf3 e6 6.Nbd2 g5 7.Be5 f6 8.Bg3 h5
9.h3 Bd6 10.Ke2 c6 11.a4 a6 12.Nb3 Nd7 13.Nfd2 Nb8 14.Nb1 Nd2 15.N3xd2 Bb4
16.a5  0-1

[Event "34th Olympiad"]
[Site "Istanbul TUR"]
[Date "2000.10.29"]
[Round "2"]
[White "Tu Hoang Thong"]
[Black "Leitao,R"]
[Result "0-1"]
[WhiteElo "2514"]
[BlackElo "2567"]

1.d4 Nf6 2.Bg5 d5 3.e3 Ne4 4.Bf4 Bf5 5.Nf3 e6 6.Nbd2 g5 7.Be5 f6 8.Bg3 h5
9.h3 Nxg3 10.fxg3 Bd6 11.Kf2 c6 12.Bd3 Bxd3 13.cxd3 Qc7 14.g4 Nd7 15.Qa4 Nb6
16.Qa5 Qh7 17.Ke2 hxg4 18.hxg4 Qxh1 19.Rxh1 Rxh1 20.b4 O-O-O 21.b5 cxb5 22.Qxb5 Rc1
23.a4 Rc6 24.Nb3 a6 25.Qa5 Nd7 26.Nfd2 Bc7 27.Qb4 Bd6 28.Qa5 Nb8 29.Nb1 Rc2+
30.Kf3 f5 31.N3d2 Nc6 32.Qb6 Bb4 33.gxf5 exf5 34.g4 fxg4+ 35.Kxg4 Rb2 36.a5 Rd6
37.Kxg5 Kb8  0-1

[Event "34th Olympiad"]
[Site "Istanbul TUR"]
[Date "2000.10.30"]
[Round "3"]
[White "Arduman,C"]
[Black "Santa Torres,J"]
[Result "1/2-1/2"]
[WhiteElo "2397"]
[BlackElo "2226"]

1.d4 Nf6 2.Bg5 g6 3.Bxf6 exf6 4.c4 Bg7 5.Nc3 O-O 6.g3 d6 7.Bg2 Re8 8.e3 f5
9.Nge2 Nd7 10.b4 c6 11.b5 c5 12.O-O Nb6 13.Rc1 Nxc4 14.Nd5 Nb6 15.dxc5 dxc5
16.Rxc5 Nxd5 17.Bxd5 Qb6 18.Qc2 Be5 19.Qc4 Be6 20.Bxe6 Qxe6 21.Qxe6 Rxe6
22.Rd1 Re7 23.Rdd5 Rae8 24.Rc4 Kf8 25.Kf1 Rc7 26.Ra4 b6 27.h4 h5 28.Rd3 Ree7
29.Rd8+ Re8 30.Rd3 Ree7 31.Rd8+ Re8 32.Rd3 Ree7 33.Rd8+  1/2-1/2

[Event "34th Olympiad"]
[Site "Istanbul TUR"]
[Date "2000.10.31"]
[Round "4"]
[White "Mynn Htoo"]
[Black "Abdullah,Ma"]
[Result "1-0"]
[WhiteElo "2479"]
[BlackElo "2290"]

1.d4 Nf6 2.Bg5 g6 3.Bxf6 exf6 4.g3 d5 5.Bg2 c6 6.e3 Qb6 7.b3 Bf5 8.Ne2 Na6
9.c3 Nc7 10.O-O h5 11.c4 Be4 12.Nbc3 Bxg2 13.Kxg2 h4 14.cxd5 Nxd5 15.Nxd5 cxd5
16.Nf4 Qd6 17.Qg4 Rd8 18.Rac1 g5 19.Nd3 Qe6 20.Qxe6+ fxe6 21.Rc7 Rd7 22.Rfc1 Bd6
23.Rxb7 Ke7 24.Rb5 h3+ 25.Kf3 f5 26.Ra5 Rb8 27.Ra6 Rb6 28.Ra4 g4+ 29.Ke2 Kd8
30.Nc5 Bxc5 31.Rxc5 Rdb7 32.Kd2 Re7 33.Rca5 Rbb7 34.Ra6 Kc8 35.Rc6+ Kd7 36.Raa6 Rb6
37.Rcxb6 axb6 38.Ra7+  1-0

[Event "34th Olympiad"]
[Site "Istanbul TUR"]
[Date "2000.10.31"]
[Round "4"]
[White "Thorhallsson,T"]
[Black "Iuldachev,S"]
[Result "1/2-1/2"]
[WhiteElo "2454"]
[BlackElo "2515"]

1.d4 Nf6 2.Bg5 d5 3.Nc3 c6 4.e3 Ne4 5.Nxe4 dxe4 6.c3 Qd5 7.Bf4 Bf5 8.a3 e6
9.Ne2 Qb5 10.Qc2 Qb6 11.Ng3 Bg6 12.O-O-O Nd7 13.Nxe4 c5 14.Bd3 Rc8 15.dxc5 Bxc5
16.Qa4 Rc6 17.Bc2 Be7 18.Rd2 Bxe4 19.Qxe4 Nc5 20.Qd4 O-O 21.b4 Qa6 22.Kb2 Na4+
23.Bxa4 Qxa4 24.Be5 f6  1/2-1/2